000
00293nam a22001217a 4500
082
_a
823
_b
BLY/F
100
_a
BLYTON, ENID
245
_a
FAMOUS FIVE - 5 GO TO BILLY COCK HILL
260
_a
UNITED KINGDOM
_b
HODDER
_c
1996
300
_a
154
650
_a
ENGLISH STORY
_z
UNITED KINGDOM
942
_c
BK
999
_c
7242
_d
7242